000 004990000a22001690004500
041 0 _aSPA
082 0 4 _aG 268.4 L4391d
100 1 _aLeavell, L. P. (1874-1929)
245 1 0 _aEl discípulo de la escuela dominical / L. P. Leavell ; A. S. Rodríguez, Traductor
260 _aEl Paso, TX., USA : Casa Bautista de Publicaciones
300 _a104 Pag
001 7891
942 _cBK
999 _c38093
_d38093
336 _atexto
_btxt
_2rdacontent
337 _2rdamedia
_asin mediación
_bn
338 _2rdacarrier
_avolumen
_bnc